Statistics for Boxing Quiz 2017 #6

Click here to take the quiz!

General Stats

  • This quiz has been taken 125 times
  • The average score is 7 of 15

Answer Stats

Year, Loser of Fight, Victory MethodAnswer% Correct
1966, Henry Cooper, TKO 6/15Muhammed Ali
77%
2011, Dereck Chisora, UD 12/12Fury
73%
2015, Gary Cornish, TKO 1/12Joshua
69%
2013, Audley Harrison, TKO 1/12Wilder
66%
1997, Chris Eubank, UD 12/12Calzaghe
63%
2010, Carl Froch, UD 12/12Kessler
62%
2013, Curtis Stevens, RTD 8/12Golovkin
54%
1994, Lennox Lewis, TKO 2/12McCall
50%
2003, Antonio Tarver, MD 12/12Jones Jr
41%
1982 Gerry Cooney, TKO 13/15Holmes
40%
2013, Malik Scott, TKO 6/12Chisora
34%
2016, Emilio Ezequiel Zarate, KO 1/10**LETS GO CHAMP**
23%
2012, Edison Miranda, TKO 9/12Bellew
18%
2015, John Thompson, TKO 7/12Liam Smith
17%
1995, Steve Robinson, TKO 8/12Barrera
6%

Score Distribution

Percentile by Number Answered

Percent of People with Each Score

Your Score History

You have not taken this quiz